| 000 | 00626 a2200217 4500 | ||
|---|---|---|---|
| 001 | 57716 | ||
| 005 | 20260407155836.0 | ||
| 008 | 260407a2001 arg spa d | ||
| 003 | AR-UNSa-BCEJYS | ||
| 040 |
_aAR-UNSa-BCEJYS _bspa _cAR-UNSa-BCEJYS |
||
| 080 |
_a929 _xEstudios biográficos y relacionados |
||
| 245 | 1 | 0 |
_aEl crimen de Cabezas _pradiografía del país mafioso |
| 020 | _a950-786-299-4 | ||
| 264 | 1 |
_aBuenos Aires : _bBiblos _c2001 |
|
| 300 |
_a188 p. _c22 cm. |
||
| 505 | _a1. Será justicia - 2. | ||
| 041 | _aspa | ||
| 942 | _cBK | ||
| 590 | _aniveau_biblio:m niveau_hierar:0 | ||
| 100 | 1 | _aVecchi, Alejandro | |
| 999 |
_c6240 _d6240 |
||